000 00925nam a22001337a 4500
999 _c529093
_d529093
008 250220b ||||| |||| 00| 0 eng d
100 _aBenjamin, Suresh M. and Hashimy, Sayed Qudrat
_950767
245 _aHead of state immunity and the pursutt of justice: The ICC Paradigm in international legal landscapes
260 _aWorld Affairs: The Journal of International Issues
300 _a28(4), Oct-Dec, 2024: p.26-51
520 _aThis paper delivers into the intricate realm of head of state immunity in international laws, a principle designed to shield sitting heads of state from procreation or legal activate sin foreign jurisdiction. Rooted in the concepts of sovereign equality among sates, this immunity is intended to enable heads of state to executive their duties without the encumbrance of legal proceedings. – Reproduced
773 _aWorld Affairs: The Journal of International Issues
942 _cAR